Abscess (Record no. 80921)
[ view plain ]
| 000 -LEADER | |
|---|---|
| fixed length control field | 01880namaa2200397uu 4500 |
| 001 - CONTROL NUMBER | |
| control field | doab135186 |
| 003 - CONTROL NUMBER IDENTIFIER | |
| control field | oapen |
| 005 - DATE AND TIME OF LATEST TRANSACTION | |
| control field | 20260218110427.0 |
| 006 - FIXED-LENGTH DATA ELEMENTS--ADDITIONAL MATERIAL CHARACTERISTICS | |
| fixed length control field | m o d |
| 007 - PHYSICAL DESCRIPTION FIXED FIELD--GENERAL INFORMATION | |
| fixed length control field | cr|mn|---annan |
| 008 - FIXED-LENGTH DATA ELEMENTS--GENERAL INFORMATION | |
| fixed length control field | 240307s2024 xx |||||o ||| 0|eng d |
| 020 ## - INTERNATIONAL STANDARD BOOK NUMBER | |
| International Standard Book Number | 9780854662869 |
| 020 ## - INTERNATIONAL STANDARD BOOK NUMBER | |
| International Standard Book Number | 9780854662876 |
| 020 ## - INTERNATIONAL STANDARD BOOK NUMBER | |
| International Standard Book Number | 9780854662883 |
| 020 ## - INTERNATIONAL STANDARD BOOK NUMBER | |
| International Standard Book Number | intechopen.111274 |
| 024 7# - OTHER STANDARD IDENTIFIER | |
| Standard number or code | 10.5772/intechopen.111274 |
| Source of number or code | doi |
| 040 ## - CATALOGING SOURCE | |
| Original cataloging agency | oapen |
| Transcribing agency | oapen |
| Modifying agency | |
| 041 0# - LANGUAGE CODE | |
| Language code of text/sound track or separate title | eng |
| 042 ## - AUTHENTICATION CODE | |
| Authentication code | dc |
| 245 00 - TITLE STATEMENT | |
| Title | Abscess |
| Remainder of title | Types, Causes and Treatment |
| 260 ## - PUBLICATION, DISTRIBUTION, ETC. | |
| Name of publisher, distributor, etc. | IntechOpen |
| Date of publication, distribution, etc. | 2024 |
| 300 ## - PHYSICAL DESCRIPTION | |
| Extent | 1 online resource (70 p.) |
| 336 ## - CONTENT TYPE | |
| Content type term | text |
| Content type code | txt |
| Source | rdacontent |
| 337 ## - MEDIA TYPE | |
| Media type term | computer |
| Media type code | c |
| Source | rdamedia |
| 338 ## - CARRIER TYPE | |
| Carrier type term | online resource |
| Carrier type code | cr |
| Source | rdacarrier |
| 506 0# - RESTRICTIONS ON ACCESS NOTE | |
| Standardized terminology for access restriction | Unrestricted online access |
| Source of term | star |
| 520 ## - SUMMARY, ETC. | |
| Summary, etc. | An abscess is a collection of pus in any part of the body. There are two different types of abscesses: skin abscesses and internal abscesses. Skin abscesses (cutaneous abscesses) develop under the skin. They are common and typically easy to treat. Internal abscesses develop inside an organ or in the spaces between organs and can be more difficult to identify than skin abscesses. The symptoms can be vague and there may be no obvious external signs of a problem. This book provides a comprehensive review of the different types of abscesses along with their causes and treatments. |
| 540 ## - TERMS GOVERNING USE AND REPRODUCTION NOTE | |
| Terms governing use and reproduction | Creative Commons |
| -- | https://creativecommons.org/licenses/by/3.0/ |
| -- | cc |
| Uniform Resource Identifier | <a href="https://creativecommons.org/licenses/by/3.0/">https://creativecommons.org/licenses/by/3.0/</a> |
| 546 ## - LANGUAGE NOTE | |
| Language note | English |
| 650 #7 - SUBJECT ADDED ENTRY--TOPICAL TERM | |
| Topical term or geographic name entry element | Dermatology |
| Source of heading or term | bicssc |
| 720 1# - ADDED ENTRY--UNCONTROLLED NAME | |
| Name | Sözen, Selim |
| Relator code | edt |
| 720 1# - ADDED ENTRY--UNCONTROLLED NAME | |
| Name | Sözen, Selim |
| Relator code | oth |
| 793 0# - | |
| -- | DOAB Library. |
| 856 ## - ELECTRONIC LOCATION AND ACCESS | |
| Uniform Resource Identifier | <a href="https://docs.google.com/spreadsheets/d/1yKIrdCPDAG_9c22mwoOIO2DOhtj65Wqa/edit?usp=sharing&ouid=106555315294820607512&rtpof=true&sd=true ">https://docs.google.com/spreadsheets/d/1yKIrdCPDAG_9c22mwoOIO2DOhtj65Wqa/edit?usp=sharing&ouid=106555315294820607512&rtpof=true&sd=true </a> |
| Link text | List of Curated E-Books |
| 942 ## - ADDED ENTRY ELEMENTS (KOHA) | |
| Koha item type | E-Book |
| Withdrawn status | Damaged status | Not for loan | Home library | Current library | Date acquired | Total Checkouts | Date last seen | Price effective from | Koha item type |
|---|---|---|---|---|---|---|---|---|---|
| Directory of Open Access Books | Directory of Open Access Books | 12/09/2024 | 12/09/2024 | 12/09/2024 | E-Book |